000 00771nam a22002175i 4500
001 166836
003 ES-MaACL
005 20251015063150.0
008 970612s1864 fr |||| | fre d
040 _aAR
_bspa
_cAR
100 1 _aVacherot, Étienne,
_d1809-1897
_9133481
245 1 0 _aEssais de philosophie critique /
_cpar E. Vacherot.
260 _aParis :
_bF. Chamerot, libraire-éditeur,
_c1864 (
_fimprimerie de E. Martinet)
300 _aXXIV, 452 p. ;
_c20 cm.
490 1 _aBibliothèque de philosophie contemporaine
650 7 _aFilosofía
_2embne
_912802
830 0 _aBibliothèque de philosophie contemporaine
_9181027
852 _aES-MaACL
_jB-5946
_z-- Enc. hol.
852 _aES-MaACL
_jG-8317
_z-- Enc. pasta
999 _c166836
_d166836